Statistics for Super bowl nfl champions

Click here to take the quiz!

General Stats

  • This quiz has been taken 174 times
  • The average score is 79 of 95

Answer Stats

YearTeam Name% Correct
2001 | 2003 | 2004 | 2014Patriots
99%
1929 | 1930 | 1931 | +10 othersPackers
98%
1927 | 1934 | 1938 | +5 othersGiants
95%
1974 | 1975 | 1978 | +3 othersSteelers
95%
2013Seahawks
95%
1981 | 1984 | 1988 | +2 others49ers
94%
2000 | 2012Ravens
92%
1971 | 1977 | 1992 | +2 othersCowboys
92%
1997 | 1998Broncos
90%
1976 | 1980 | 1983Raiders
88%
2009Saints
88%
1958 | 1959 | 1970 | 2006Colts
88%
1968Jets
88%
1945 | 1951 | 1999Rams
88%
1937 | 1942 | 1982 | +2 othersRedskins
87%
1932 | 1933 | 1940 | +5 othersBears
86%
1972 | 1973Dolphins
85%
1969Chiefs
82%
1950 | 1954 | 1955 | 1964Browns
80%
2002Buccaneers
70%
1948 | 1949 | 1960Eagles
66%
1935 | 1952 | 1953 | 1957Lions
66%
1925 | 1947Cardinals
61%
1922 | 1923 | 1924Bulldogs
16%
1921Staleys
10%
1928Steam Rollers
8%
1920Pros
8%
1926Yellow Jackets
7%

Score Distribution

Percentile by Number Answered

Percent of People with Each Score

Your Score History

You have not taken this quiz